00326nam a2200157Ia 4500003000900000008004100009040001300050040001300063100001800076245001800094250001200112260001000124300000800134490000600142700002000148IT-RoPAU120407s9999 xx 000 0 und d aIT-RoPAU cIT-RoPAU aAttilio Monge aBiblia Swieta aPolonia aE. P. c cm v1 aGiovanni Ziella